000 00572nam a22002057a 4500
999 _c8233
_d8233
003 AR-CdUCM
008 190322b ||||| |||| 00| 0 spa d
040 _aMUNICIPALIDAD PROVINCIAL DEL CUSCO
_cBIBLIOTECA MUNICIPAL DEL CUSCO
082 _a869.56 /
_bY12
100 _aYabar Zeballos, Americo
_923178
245 _aPoemario de Camino /
260 _aCusco :
_bDon Jaque,
_c1971.
300 _a24 paginas ;
_c21 cm.
500 _aPoesias y Poemas
650 _aPoesia
_91598
650 _aLiteratura
_983
650 _aPerĂº
_935
942 _2ddc
_cLIBROS
945 _apjha